000 00875ntm a2200217 i 4500
001 114735
003 ES-MaACL
005 20240426063032.0
007 t|
008 070322s1932 sp |||| | spa d
100 1 _aReyes, Rodolfo,
_d1878-1954
_996574
245 1 0 _aPosición relativa de los paises hispánicos en los problemas americanos
_b: memoria que somete la Sección Iberoamericana al Ateneo de Madrid [
_hManuscrito] /
_cRodolfo Reyes Ochoa, presidente de la Sección, noviembre de 1931.
260 _a[Madrid :
_bel autor,
_c1932]
300 _a[9 h.] ;
_c28 cm.
500 _aTexto original mecanografiado.
610 2 4 _aAteneo de Madrid.
_bSección Iberoamericana-
_vMemorias.
_92013
710 2 _aAteneo de Madrid.
_bSección Iberoamericana.
_92012
852 _aES-MaACL
_jArmario 18
_dOlim: 1763-F-20
942 _2udc
999 _c114735
_d114735